Undang-undang perdagangan Malaysia
| Main Author: | |
|---|---|
| Format: | Book |
| Published: |
Kuala Lumpur :
Heineman (Malaysia) Sdn. Bhd. ,
1986
|
| Subjects: |
MARC
| LEADER | 00000cam a2200000 7i4500 | ||
|---|---|---|---|
| 001 | 0000054788 | ||
| 005 | 20151111.0 | ||
| 008 | 151111 | ||
| 020 | |a 967925142x | ||
| 090 | 0 | 0 | |a 343595 |b WU |
| 100 | 0 | |a Wu, Min Aun | |
| 245 | 1 | 0 | |a Undang-undang perdagangan Malaysia |c Wu Min Aun |
| 260 | |a Kuala Lumpur : |b Heineman (Malaysia) Sdn. Bhd. , |c 1986 | ||
| 300 | |a 326pg | ||
| 650 | 0 | |a Law--corporate--Malaysia | |
| 999 | |a 0000081687 |b Book |c Adult Collection |e Cawangan Muar | ||